[Event "47th Sparkassen Open"]
[Site "Dortmund GER"]
[Date "2019.07.19"]
[Round "7.7"]
[White "Boehm, Juergen2"]
[Black "Jugelt, Tobias"]
[Result "1/2-1/2"]
[BlackTitle "IM"]
[WhiteElo "2175"]
[BlackElo "2403"]
[WhiteFideId "4606434"]
[BlackFideId "4626150"]
[EventDate "2019.07.13"]

1. d4 d6 2. e4 Nf6 3. Nc3 e5 4. dxe5 dxe5 5. Qxd8+ Kxd8 6. Bg5 Bd6 7. Bc4 Be6 8.
Bxe6 fxe6 9. f3 a6 10. Nh3 Ke7 11. Nf2 Nd7 12. a4 h6 13. Be3 Bb4 14. Nd3 Bxc3+
15. bxc3 a5 16. Rb1 b6 17. c4 Rhb8 18. Ke2 c5 19. Bd2 Nh5 20. g3 g5 21. Bc3 g4
22. Nxe5 gxf3+ 23. Kxf3 Rf8+ 24. Ke3 Nxe5 25. Bxe5 Nf6 26. Bxf6+ Rxf6 27. Rxb6
Raf8 28. e5 Rf3+ 29. Ke4 Rc3 30. Rb7+ Ke8 31. Rb8+ Ke7 32. Rxf8 Rxc4+ 33. Kd3
Rd4+ 34. Ke3 Kxf8 35. Rf1+ Kg7 36. Rf6 Rxa4 37. Rxe6 Rc4 38. Ra6 Rxc2 39. Rxa5
Rxh2 40. Rxc5 Kf7 41. Rc6 Ke7 42. Rf6 Rh1 43. Ke4 Rg1 44. Ra6 Kf7 45. Rf6+ Ke7
46. Rxh6 Rxg3 47. Rh7+ Ke6 48. Rh6+ Ke7 49. Rh7+ Ke6 50. Rh6+ Ke7 1/2-1/2

[Event "47th Sparkassen Open"]
[Site "Dortmund GER"]
[Date "2019.07.19"]
[Round "7.8"]
[White "Hourigan, Gerrit"]
[Black "Kartsev, Soel"]
[Result "1/2-1/2"]
[WhiteElo "2037"]
[BlackElo "2217"]
[WhiteFideId "16204174"]
[BlackFideId "4130561"]
[EventDate "2019.07.13"]

1. Nf3 Nf6 2. c4 c5 3. d4 cxd4 4. Nxd4 Nc6 5. Nc3 d5 6. g3 dxc4 7. Nxc6 Qxd1+ 8.
Nxd1 bxc6 9. Bg2 Nd5 10. Ne3 e6 11. Nxc4 Ba6 12. b3 Bb4+ 13. Bd2 Bxd2+ 14. Kxd2
Ke7 15. Rhc1 Rhd8 16. Ke1 Rac8 17. a3 c5 18. Rc2 Bxc4 19. bxc4 Nb6 20. a4 a5 21.
Rb1 Nxa4 22. Ra1 Nb6 23. Rxa5 Rd4 24. Bb7 Rc7 25. Ba6 e5 26. Bb5 e4 27. f3 f5
28. Ra6 Nc8 29. Bc6 Rd6 30. Bb5 Rxa6 31. Bxa6 Nd6 32. Rb2 e3 33. Rb3 f4 34. gxf4
Nf5 35. Bb7 Kf6 36. Be4 Re7 37. Kf1 h6 38. Kg2 Re6 39. Rd3 g6 40. Kf1 h5 41. Rd5
Rd6 42. Rxc5 Rd1+ 43. Kg2 Rd2 44. Rc6+ Ke7 45. Bd3 Nd4 46. Rxg6 Nxe2 47. Bxe2
Rxe2+ 48. Kg3 Re1 49. Kg2 Re2+ 50. Kf1 Rxh2 51. Rg5 Kf6 52. Re5 Rf2+ 53. Ke1
Rxf3 54. Rxh5 Rxf4 55. c5 Rf2 1/2-1/2

[Event "47th Sparkassen Open"]
[Site "Dortmund GER"]
[Date "2019.07.19"]
[Round "7.9"]
[White "Maes, Wim"]
[Black "Oltmanns, Jan"]
[Result "1/2-1/2"]
[WhiteTitle "FM"]
[WhiteElo "2185"]
[BlackElo "1970"]
[WhiteFideId "201073"]
[BlackFideId "16251318"]
[EventDate "2019.07.13"]

1. Nf3 Nf6 2. g3 d5 3. Bg2 c5 4. O-O Nc6 5. d3 e5 6. Nbd2 Be7 7. e4 dxe4 8. dxe4
O-O 9. c3 h6 10. Qe2 b6 11. Re1 a5 12. a4 Ba6 13. Nc4 Qc7 14. Nfd2 Rad8 15. Qf3
Bc8 16. Ne3 Be6 17. Bf1 Rd7 18. Bc4 Bxc4 19. Ndxc4 Nd4 20. cxd4 cxd4 21. Ng4
Qxc4 22. Nxe5 Qb4 23. Bxh6 Rc7 24. Nd3 Qb3 25. Bf4 Rc2 26. Kg2 Rfc8 27. Red1
R8c4 28. e5 Nh7 29. h4 Rxa4 30. Rxa4 Qxa4 31. Qd5 Nf8 32. Bg5 Bxg5 33. hxg5 Qc6
34. Qxc6 Rxc6 35. Kf3 Ne6 36. Ke4 Nxg5+ 37. Kxd4 Ne6+ 38. Kd5 Rc8 39. Rc1 Rd8+
40. Ke4 g6 41. Rc6 Rb8 42. Kd5 Nc5 43. Nxc5 1/2-1/2

[Event "47th Sparkassen Open"]
[Site "Dortmund GER"]
[Date "2019.07.19"]
[Round "7.10"]
[White "Schuh, Dirk"]
[Black "Savchenko, Daniel"]
[Result "1-0"]
[WhiteTitle "IM"]
[WhiteElo "2372"]
[BlackElo "2168"]
[WhiteFideId "4655311"]
[BlackFideId "12919195"]
[EventDate "2019.07.13"]

1. e4 c5 2. c3 d5 3. exd5 Qxd5 4. d4 Nf6 5. Nf3 e6 6. Be3 cxd4 7. cxd4 Nc6 8. a3
Be7 9. Nc3 Qd8 10. Bd3 O-O 11. O-O b6 12. Re1 Bb7 13. Bc2 Rc8 14. Qd3 Qd7 15. d5
exd5 16. Bg5 g6 17. Rxe7 Qxe7 18. Nxd5 Nxd5 19. Bxe7 Ncxe7 20. Qd2 Nf6 21. Bb3
Kg7 22. Ne5 Rcd8 23. Qc3 Rc8 24. Qb4 Rc5 25. Re1 Nf5 26. h3 Rc7 27. Ng4 Nd7 28.
Qf4 Rc5 29. Rd1 Bc6 30. Ba2 Re8 31. b4 Rc2 32. Bb1 Re4 33. Qc7 1-0

[Event "47th Sparkassen Open"]
[Site "Dortmund GER"]
[Date "2019.07.19"]
[Round "7.11"]
[White "Wagner, Alexej"]
[Black "Conrad, Joachim"]
[Result "1-0"]
[WhiteElo "2277"]
[BlackElo "2068"]
[WhiteFideId "4129555"]
[BlackFideId "24623083"]
[EventDate "2019.07.13"]

1. d4 Nf6 2. c4 d6 3. Nf3 Nbd7 4. Nc3 e5 5. e4 Be7 6. Be2 O-O 7. d5 Nc5 8. Qc2
a5 9. Be3 b6 10. h3 Ne8 11. g4 g6 12. Bh6 Ng7 13. Rg1 Bd7 14. O-O-O a4 15. Qd2
f6 16. Rg2 Rf7 17. Rh1 Bf8 18. Ne1 Kh8 19. Rhg1 Qe8 20. Nc2 Qe7 21. Nb4 Ne8 22.
Be3 Ng7 23. h4 Ra5 24. Qc2 Qd8 25. Rg3 Be7 26. Nb5 Na6 27. Bd2 Nxb4 28. Bxb4 Ra8
29. h5 g5 30. Ra3 c5 31. Bd2 Ne8 32. Rxa4 Rf8 33. Rg3 Bxb5 34. cxb5 Nc7 35. Rga3
Qd7 36. Ra7 Rfb8 37. b4 Bd8 38. bxc5 dxc5 39. Rxa8 Rxa8 40. Rxa8 Nxa8 41. Qa4
Nc7 42. Qa7 Qd6 43. a4 c4 44. Kb2 Be7 45. Bxc4 Qa3+ 46. Kb1 Qc5 47. h6 Bf8 48.
Qb8 Kg8 49. Ba2 Qd6 50. Qb7 Kh8 51. Qc6 Be7 52. a5 bxa5 53. b6 Na6 54. Qc8+ 1-0

[Event "47th Sparkassen Open"]
[Site "Dortmund GER"]
[Date "2019.07.19"]
[Round "7.12"]
[White "Prueske, Wolfgang"]
[Black "Quast, Marcel"]
[Result "1/2-1/2"]
[WhiteElo "1961"]
[BlackElo "2248"]
[WhiteFideId "4667271"]
[BlackFideId "24663476"]
[EventDate "2019.07.13"]

1. e4 e5 2. Nf3 d6 3. d4 exd4 4. Nxd4 Nf6 5. Nc3 Be7 6. g3 O-O 7. Bg2 Nc6 8. O-O
Bg4 9. f3 Bd7 10. b3 Qc8 11. Bb2 Nxd4 12. Qxd4 c5 13. Qd2 b5 14. f4 b4 15. Nd5
Nxd5 16. exd5 Bf5 17. Rfe1 Qd8 18. Be4 Bf6 19. c3 bxc3 20. Bxc3 Bxc3 21. Qxc3
Qd7 22. Qd3 Bxe4 23. Rxe4 a5 24. Rae1 a4 25. Re7 Qd8 26. f5 Qb6 27. Qe3 Qb4 28.
Re4 Qa3 29. f6 Qb2 30. Rf1 Kh8 31. Rf2 Qa1+ 32. Rf1 Qb2 33. Rf2 Qa1+ 34. Rf1 Qb2 1/2-1/2

[Event "47th Sparkassen Open"]
[Site "Dortmund GER"]
[Date "2019.07.19"]
[Round "7.13"]
[White "Hartikainen, Markku"]
[Black "Strathoff, Martin"]
[Result "1-0"]
[WhiteTitle "FM"]
[WhiteElo "2237"]
[BlackElo "2102"]
[WhiteFideId "501417"]
[BlackFideId "24609560"]
[EventDate "2019.07.13"]

1. e4 c5 2. Nf3 d6 3. c3 Nf6 4. h3 Nbd7 5. Bd3 Qc7 6. Bc2 e5 7. O-O Be7 8. d4
O-O 9. Re1 Rb8 10. a4 Re8 11. Nbd2 b6 12. Nf1 a6 13. Ne3 b5 14. axb5 axb5 15.
Nf5 Nf8 16. Bg5 h6 17. Bh4 Ng6 18. Bg3 Bf8 19. N3h4 Bb7 20. d5 Ra8 21. Qf3 Nh7
22. Qe2 Rxa1 23. Rxa1 Rb8 24. Nxg6 fxg6 25. Nh4 g5 26. Nf5 Nf6 27. b3 Bc8 28.
Ne3 h5 29. Bd3 Bd7 30. f3 h4 31. Bf2 Nh5 32. Qa2 Nf4 33. Bf1 g6 34. Qa6 Be7 35.
Nc2 Bd8 36. Be3 Rb6 37. Qa5 Rb8 38. Qa7 Qc8 39. b4 Rb7 40. Qa6 Bb6 41. Bxb5 Bxb5
42. Qxb5 Bd8 43. Qc6 Qb8 44. Bxf4 exf4 45. e5 dxe5 46. Qxg6+ Rg7 47. Qc6 Rb7 48.
b5 c4 49. Ra6 Rb6 50. Ra8 Rxc6 51. Rxb8 Rd6 52. Nb4 Kf7 53. Rc8 Rd7 54. Rxc4 Ra7
55. Kf2 Bb6+ 56. Ke2 Ke8 57. Na6 Rd7 58. Rc6 Be3 59. c4 Re7 60. Rc8+ Kf7 1-0

[Event "47th Sparkassen Open"]
[Site "Dortmund GER"]
[Date "2019.07.19"]
[Round "7.14"]
[White "Stillger, Bernhard"]
[Black "Eckert, Marius"]
[Result "1/2-1/2"]
[WhiteTitle "FM"]
[WhiteElo "2199"]
[BlackElo "2090"]
[WhiteFideId "4610768"]
[BlackFideId "12922234"]
[EventDate "2019.07.13"]

1. d4 d5 2. c4 c6 3. cxd5 cxd5 4. Bf4 Nc6 5. e3 e6 6. Nc3 Bd6 7. Bg3 Nf6 8. Bd3
Bxg3 9. hxg3 Bd7 10. Nf3 Rc8 11. a3 Na5 12. Ne5 Nc4 13. Bxc4 dxc4 14. e4 Bc6 15.
Nxc6 Rxc6 16. d5 exd5 17. exd5 Rd6 18. Qa4+ Qd7 19. Qxd7+ Kxd7 20. O-O-O a6 21.
a4 Re8 22. Rh4 Rc8 23. Rdd4 h6 24. Kc2 Rc5 25. Rxc4 Rxc4 26. Rxc4 Nxd5 27. Nxd5 1/2-1/2

[Event "47th Sparkassen Open"]
[Site "Dortmund GER"]
[Date "2019.07.19"]
[Round "7.15"]
[White "Torres-Kuckel, Rafael"]
[Black "Guenther, Patrick"]
[Result "0-1"]
[WhiteTitle "FM"]
[WhiteElo "2152"]
[BlackElo "2055"]
[WhiteFideId "4625072"]
[BlackFideId "24618357"]
[EventDate "2019.07.13"]

1. e4 c5 2. Nf3 d6 3. d4 cxd4 4. Qxd4 Nc6 5. Bb5 Bd7 6. Bxc6 Bxc6 7. Nc3 Nf6 8.
Bg5 e6 9. O-O-O Be7 10. Rhe1 O-O 11. Qd2 Rc8 12. Kb1 Re8 13. Nd4 Qa5 14. f3 a6
15. h4 b5 16. g4 Bb7 17. Nb3 Qc7 18. Bf4 b4 19. Ne2 e5 20. Bg5 a5 21. Ng3 a4 22.
Nc1 d5 23. Bxf6 Bxf6 24. g5 Be7 25. Nd3 Red8 26. Nf5 dxe4 27. fxe4 b3 28. cxb3
axb3 29. axb3 Bb4 30. Nxb4 Rxd2 31. Rxd2 Bxe4+ 0-1

[Event "47th Sparkassen Open"]
[Site "Dortmund GER"]
[Date "2019.07.19"]
[Round "7.17"]
[White "Fistoul, Boris"]
[Black "Mueller, Frank3"]
[Result "1-0"]
[WhiteElo "1938"]
[BlackElo "2092"]
[WhiteFideId "12953962"]
[BlackFideId "24681318"]
[EventDate "2019.07.13"]

1. d4 Nf6 2. c4 g6 3. f3 Nc6 4. e4 e5 5. d5 Nd4 6. Ne2 c5 7. Nbc3 Nh5 8. h4 Be7
9. Nxd4 Bxh4+ 10. Kd2 cxd4 11. Nb5 O-O 12. Kc2 Bg5 13. Rxh5 gxh5 14. f4 exf4 15.
Qxh5 h6 16. Bd3 d6 17. Bd2 Qf6 18. Rf1 Qe5 19. Bb4 Rd8 20. g3 a6 21. Nxd4 Qxd4
22. gxf4 Be7 23. Bc3 Qe3 24. Qxh6 f6 25. Rh1 Qf2+ 26. Bd2 Kf7 27. Qh5+ Kf8 28.
Qh8+ 1-0

[Event "47th Sparkassen Open"]
[Site "Dortmund GER"]
[Date "2019.07.19"]
[Round "7.18"]
[White "Leonard, Timo"]
[Black "Dorst, Johannes"]
[Result "0-1"]
[BlackTitle "FM"]
[WhiteElo "1911"]
[BlackElo "2234"]
[WhiteFideId "16208757"]
[BlackFideId "4650433"]
[EventDate "2019.07.13"]

1. d4 Nf6 2. Nf3 g6 3. Bg5 Bg7 4. Nbd2 c5 5. c3 cxd4 6. cxd4 d5 7. e3 Qb6 8. Rc1
Nc6 9. Bxf6 Bxf6 10. Qb3 Qxb3 11. Nxb3 O-O 12. Bb5 Nb4 13. a3 a6 14. Be2 Nc6 15.
Nc5 e5 16. dxe5 Nxe5 17. Nxe5 Bxe5 18. Nd3 Bf6 19. Rc7 Re8 20. Kd2 d4 21. exd4
Bxd4 22. Bf3 Bf5 23. Re1 Red8 24. Be4 Be5 25. Rxb7 Bf4+ 26. Kc2 Rac8+ 27. Kb1
Rxd3 28. Bxd3 Bxd3+ 29. Ka2 Rc2 30. Ree7 Rxf2 31. Kb3 Bxh2 32. Kc3 Bb5 33. b3
Bd6 34. a4 Bxe7 35. axb5 Bf6+ 36. Kb4 axb5 37. Kxb5 Rxg2 38. b4 h5 39. Kc6 h4
40. Ra7 h3 41. b5 h2 0-1

[Event "47th Sparkassen Open"]
[Site "Dortmund GER"]
[Date "2019.07.19"]
[Round "7.19"]
[White "Bock, Juergen"]
[Black "Artola Pola, Gerardo"]
[Result "1-0"]
[WhiteElo "2268"]
[BlackElo "2031"]
[WhiteFideId "4619129"]
[BlackFideId "150878"]
[EventDate "2019.07.13"]

1. c4 Nf6 2. g3 g6 3. Bg2 d5 4. cxd5 Nxd5 5. Nc3 Nb6 6. d3 Bg7 7. Be3 Nc6 8.
Bxc6+ bxc6 9. Qc1 Bb7 10. Bh6 Bxh6 11. Qxh6 c5 12. f3 Qd4 13. Qd2 O-O 14. Rc1
Rfd8 15. b3 f5 16. Nh3 a6 17. Qh6 e5 18. Nf2 Nd5 19. Nxd5 Bxd5 20. g4 e4 21.
gxf5 exd3 22. Nxd3 Bxf3 23. fxg6 Rd7 24. gxh7+ Rxh7 25. Qe6+ Kh8 26. Rf1 Qh4+
27. Kd2 Re7 28. Qxe7 Qxe7 29. Rxf3 Qg5+ 30. Kc2 Qg2 31. Kd2 Re8 32. Rf2 Qg5+ 33.
Kd1 Rd8 34. Rf3 Qg1+ 35. Kd2 Qg5+ 36. Kc2 Rd4 37. Rcf1 Kg7 38. Rg3 Rg4 39. Rfg1
Kf7 40. Rxg4 Qd5 41. Rg7+ Ke8 42. Rxc7 Qe6 43. Rg8+ 1-0

[Event "47th Sparkassen Open"]
[Site "Dortmund GER"]
[Date "2019.07.19"]
[Round "7.20"]
[White "Steinle, Carsten"]
[Black "Prieb, Robert"]
[Result "1/2-1/2"]
[BlackTitle "CM"]
[WhiteElo "2147"]
[BlackElo "1824"]
[WhiteFideId "24676462"]
[BlackFideId "16212002"]
[EventDate "2019.07.13"]

1. Nf3 Nf6 2. d3 d5 3. c3 g6 4. Bg5 Bg7 5. Nbd2 O-O 6. e4 dxe4 7. dxe4 h6 8. Bh4
Nbd7 9. Qc2 b6 10. Bc4 e5 11. O-O Bb7 12. Rfe1 c6 13. a4 Qc7 14. a5 b5 15. Bf1
a6 16. c4 c5 17. cxb5 axb5 18. b4 c4 19. Rad1 Rfe8 20. Nb1 Nf8 21. Nc3 Bc6 22.
Nd5 Bxd5 23. exd5 Qd6 24. Qc3 e4 25. Bg3 Qd8 26. Nd4 Nxd5 27. Qa3 Qd7 28. a6 f5
29. Qa5 Bxd4 30. Rxd4 Qc6 31. Bxc4 bxc4 32. Qxd5+ Qxd5 33. Rxd5 Rxa6 34. b5 Rb6
35. Rc1 Ne6 36. Be5 Rc8 37. Rd6 Rxb5 38. Rxe6 Kf7 39. Rf6+ Ke7 40. Bc3 Rb3 41.
Rxg6 Rcb8 42. g3 Rb1 43. Rxb1 Rxb1+ 44. Kg2 Rc1 45. Bd2 1/2-1/2

[Event "47th Sparkassen Open"]
[Site "Dortmund GER"]
[Date "2019.07.19"]
[Round "7.21"]
[White "Biermann, Florian"]
[Black "Rempel, Patrick"]
[Result "0-1"]
[WhiteElo "2016"]
[BlackElo "2119"]
[WhiteFideId "12970069"]
[BlackFideId "4657632"]
[EventDate "2019.07.13"]

1. c4 e5 2. g3 Nc6 3. Bg2 g6 4. Nc3 Bg7 5. d3 d6 6. e4 Be6 7. Nge2 h5 8. h4 Nh6
9. f3 Qd7 10. Be3 f6 11. Qd2 Nf7 12. Nd5 f5 13. Rb1 a5 14. b3 O-O 15. a3 Kh7 16.
O-O Rab8 17. Ndc3 Bh6 18. Bxh6 Nxh6 19. b4 axb4 20. axb4 Ne7 21. b5 Ra8 22. Nd5
Nc8 23. Qg5 Kg7 24. Rb2 c6 25. bxc6 bxc6 26. Rfb1 Ra7 27. Ndc3 Ne7 28. Qe3 Rc7
29. c5 Nf7 30. d4 fxe4 31. Nxe4 Nf5 32. Qc3 d5 33. Ng5 Nxg5 34. hxg5 exd4 35.
Nxd4 Nxd4 36. Qxd4+ Kh7 37. Re1 Bh3 38. Rbe2 Bxg2 39. Kxg2 Qf5 40. f4 Rcf7 41.
Re6 Ra8 42. R1e2 Qg4 43. Re8 Rxe8 44. Rxe8 Rg7 45. Qf6 h4 46. Re3 Qd1 47. gxh4
Qd2+ 48. Kf3 Qd1+ 49. Kf2 Qc2+ 50. Kf3 Qd1+ 51. Kf2 Qc2+ 52. Re2 Qxc5+ 53. Kg2
Qc4 54. Qe5 Rf7 55. f5 Qg4+ 56. Kh1 Qf3+ 57. Kg1 Rxf5 58. Qc7+ Rf7 59. Re1 Qg4+ 0-1

[Event "47th Sparkassen Open"]
[Site "Dortmund GER"]
[Date "2019.07.19"]
[Round "7.22"]
[White "Kracht, Raphael"]
[Black "Burchert, Wolfgang"]
[Result "1/2-1/2"]
[WhiteElo "2000"]
[BlackElo "2075"]
[WhiteFideId "16214382"]
[BlackFideId "4654412"]
[EventDate "2019.07.13"]

1. e4 d6 2. d4 Nf6 3. Nc3 e5 4. Nf3 Nbd7 5. Bc4 Be7 6. O-O O-O 7. Re1 c6 8. a4
a5 9. h3 Qc7 10. Ba2 h6 11. Be3 Re8 12. dxe5 dxe5 13. Nh4 Nf8 14. Qf3 Be6 15.
Bxe6 Nxe6 16. Nf5 Kh7 17. g4 Ng8 18. Nxe7 Rxe7 19. Rad1 g6 20. h4 Rd8 21. Ne2
Kg7 22. c3 Rxd1 23. Rxd1 Rd7 24. Rxd7 Qxd7 25. Kg2 Qd1 26. Nd4 Qxa4 27. Nxe6+
fxe6 28. Bc5 Nf6 29. Bf8+ Kf7 30. Bxh6 Qxe4 31. Qxe4 Nxe4 32. Kf3 Nd6 33. h5 a4
34. Ke2 Nc4 35. Bc1 gxh5 36. gxh5 e4 37. f3 exf3+ 38. Kxf3 b5 39. Ke4 c5 40. Kd3
Kf6 41. Kc2 Kf5 42. b3 axb3+ 43. Kxb3 e5 44. h6 Kg6 45. Kc2 e4 46. Bf4 Nb6 47.
Be3 Nd7 48. c4 bxc4 49. Kc3 Ne5 50. Bf4 Ng4 51. Kxc4 1/2-1/2

[Event "47th Sparkassen Open"]
[Site "Dortmund GER"]
[Date "2019.07.19"]
[Round "7.23"]
[White "Henrotte, Nils"]
[Black "Chubakov, Sultan"]
[Result "1-0"]
[WhiteElo "1969"]
[BlackElo "2095"]
[WhiteFideId "12923311"]
[BlackFideId "13803468"]
[EventDate "2019.07.13"]

1. e4 c5 2. Nf3 e6 3. d4 cxd4 4. Bg5 Be7 5. Bxe7 Nxe7 6. Qxd4 O-O 7. Qd6 b6 8.
Nc3 Bb7 9. O-O-O Nc8 10. Qg3 a6 11. Bd3 Nc6 12. e5 Nb4 13. Bxh7+ Kxh7 14. Ng5+
Kg8 15. Qh4 Re8 16. Qh7+ Kf8 17. Qh8+ Ke7 18. Qxg7 Rf8 19. Nh7 Rg8 20. Qf6+ Ke8
21. Qxd8+ Kxd8 22. Nf6 Ne7 23. Rxd7+ Kc8 24. Rxe7 Rxg2 25. Rd1 Rxh2 26. Rdd7 1-0

[Event "47th Sparkassen Open"]
[Site "Dortmund GER"]
[Date "2019.07.19"]
[Round "7.24"]
[White "Gluma, Christian"]
[Black "Beckmann, David"]
[Result "0-1"]
[WhiteElo "1876"]
[BlackElo "2016"]
[WhiteFideId "16223209"]
[BlackFideId "24664707"]
[EventDate "2019.07.13"]

1. e4 e6 2. d4 d5 3. Nd2 c5 4. exd5 exd5 5. Ngf3 Nf6 6. Bb5+ Bd7 7. Bxd7+ Nbxd7
8. O-O Be7 9. dxc5 Nxc5 10. Nb3 O-O 11. Be3 Nxb3 12. axb3 a6 13. Qd3 Qc7 14. Bd4
Rfe8 15. c3 Ne4 16. Rfe1 Rad8 17. Rad1 Bd6 18. Be3 Bf4 19. Bxf4 Qxf4 20. Qe3 Qb8
21. Qd4 h6 22. Nd2 Nf6 23. Nf1 b5 24. Rxe8+ Rxe8 25. Ne3 Re4 26. Qc5 Qe8 27. h3
Qe6 28. Nxd5 Re1+ 29. Rxe1 Qxe1+ 30. Kh2 Qe5+ 31. g3 Qxd5 32. Qc8+ Kh7 33. Qxa6
Qxb3 34. Qa1 Qc2 35. Kg1 Ne4 36. Qe1 f5 37. g4 Ng5 38. Kg2 fxg4 39. hxg4 Qd3 40.
Qe3 Qxe3 41. fxe3 Kg6 42. Kg3 Kf6 43. Kf4 Nf7 44. e4 g5+ 45. Kf3 Ke5 46. b3 Nd6 0-1

[Event "47th Sparkassen Open"]
[Site "Dortmund GER"]
[Date "2019.07.19"]
[Round "7.25"]
[White "Toel, Karl-Ludwig"]
[Black "Gula, Julian"]
[Result "0-1"]
[WhiteElo "2068"]
[BlackElo "1991"]
[WhiteFideId "4685903"]
[BlackFideId "12954799"]
[EventDate "2019.07.13"]

1. d4 Nf6 2. c4 b6 3. f3 Nc6 4. e4 e5 5. d5 Nb8 6. Nc3 a5 7. Be3 Na6 8. Nge2 Bb4
9. a3 Bc5 10. Bxc5 Nxc5 11. g3 d6 12. Bg2 O-O 13. O-O a4 14. Rc1 Ne8 15. Rc2 f5
16. f4 Ba6 17. exf5 Bxc4 18. fxe5 dxe5 19. d6 Nxd6 20. Bd5+ Kh8 21. Bxc4 Nxc4
22. Nd5 c6 23. Nxb6 Qxb6 24. Rxc4 Rad8 25. Qc2 Rd2 26. Rb4 Qxb4 0-1

[Event "47th Sparkassen Open"]
[Site "Dortmund GER"]
[Date "2019.07.19"]
[Round "7.26"]
[White "Biermann, Lenhard"]
[Black "Schroeder, Joerg"]
[Result "1-0"]
[WhiteElo "2056"]
[BlackElo "1985"]
[WhiteFideId "12970077"]
[BlackFideId "24635677"]
[EventDate "2019.07.13"]

1. d4 g6 2. Nf3 Bg7 3. g3 d6 4. Bg2 Bd7 5. O-O Qc8 6. Re1 Nc6 7. e4 Bg4 8. c3 e5
9. d5 Nd8 10. c4 Ne7 11. Nc3 h5 12. Qd3 f6 13. h4 O-O 14. Bd2 Nf7 15. b4 Qd7 16.
Rac1 a6 17. Nh2 Bh3 18. a3 Kh7 19. Red1 Bh6 20. Qe2 Bxg2 21. Kxg2 Bxd2 22. Rxd2
Nh6 23. Rdc2 f5 24. exf5 Nexf5 25. Nf3 Ng4 26. Ne4 Qa4 27. Qd3 a5 28. b5 Nd4 29.
Nxd4 exd4 30. Ng5+ Kh6 31. Re1 Rae8 32. Re6 Ne5 33. Qd2 Kg7 34. f4 d3 35. Rc3
Nxc4 36. Qxd3 1-0

[Event "47th Sparkassen Open"]
[Site "Dortmund GER"]
[Date "2019.07.19"]
[Round "7.27"]
[White "Doescher, Thorsten"]
[Black "Hammerich, Simon"]
[Result "0-1"]
[WhiteElo "2049"]
[BlackElo "1954"]
[WhiteFideId "24658286"]
[BlackFideId "12955868"]
[EventDate "2019.07.13"]

1. c4 e5 2. Nc3 Nf6 3. Nf3 Nc6 4. g3 Bb4 5. Nd5 O-O 6. Nxb4 Nxb4 7. Bg2 e4 8.
Nd4 c5 9. Nb5 d6 10. O-O Re8 11. a3 Nc6 12. d3 a6 13. Nc3 Bf5 14. Bg5 exd3 15.
exd3 h6 16. Bxf6 Qxf6 17. Nd5 Qd8 18. f4 Rb8 19. Qd2 Qd7 20. Rae1 Nd4 21. Ne3
Bh3 22. Qd1 b5 23. Bxh3 Qxh3 24. Rf2 Re6 25. cxb5 Rbe8 26. Ng2 axb5 27. Rxe6
Qxe6 28. f5 Nxf5 29. Nf4 Qe1+ 30. Qxe1 Rxe1+ 31. Rf1 Rxf1+ 32. Kxf1 Nd4 33. Kf2
f5 34. Ke3 Kf7 35. Nd5 Ke6 36. Nc7+ Ke5 37. h4 g5 38. hxg5 hxg5 39. Kf2 f4 40.
gxf4+ Kxf4 41. Nd5+ Kg4 42. Nc3 Kh3 43. Ne4 g4 44. Ng5+ Kh2 45. Ne4 Nf5 46. b3
d5 47. Ng5 g3+ 48. Ke2 Nd4+ 49. Ke3 g2 0-1

[Event "47th Sparkassen Open"]
[Site "Dortmund GER"]
[Date "2019.07.19"]
[Round "7.28"]
[White "Rohde, Patrick"]
[Black "Wolff, Christoph"]
[Result "1-0"]
[WhiteElo "1978"]
[BlackElo "2047"]
[WhiteFideId "12913626"]
[BlackFideId "4648706"]
[EventDate "2019.07.13"]

1. e4 c5 2. Nf3 d6 3. d4 cxd4 4. Nxd4 Nf6 5. Nc3 a6 6. f3 e6 7. Be3 b5 8. Qd2 b4
9. Nce2 e5 10. Nb3 a5 11. Rd1 Be6 12. Bc5 a4 13. Nbc1 Nc6 14. Bxd6 Bxd6 15. Qxd6
Qb6 16. Nd3 Rd8 17. Qc5 Qb7 18. Ng3 Nd7 19. Qf2 O-O 20. Be2 Nd4 21. Rd2 Rc8 22.
Bd1 Bxa2 23. c3 bxc3 24. bxc3 Rxc3 25. Nxe5 Nxe5 26. Qxd4 Qc7 27. f4 Nd3+ 28.
Rxd3 Rxd3 29. Qxd3 Rd8 30. Qe3 Qa5+ 31. Kf2 Rd2+ 32. Be2 Qd8 33. Rc1 h6 34. Rc8
Rxe2+ 35. Qxe2 Qxc8 36. Qxa2 Qc5+ 37. Kf1 Qc1+ 38. Ke2 a3 39. Nf1 Qxf4 40. Qxa3
Qxe4+ 41. Ne3 Qe5 42. h3 Qh5+ 43. Kf2 Qh4+ 44. Kg1 Qd4 45. Qa8+ Kh7 46. Qf3 Kg8
47. Qg3 f5 48. Qf3 Qa4 49. Kh2 Qa5 50. Kg3 Qc3 51. h4 Kh8 52. Qf4 Qd2 53. Kh3
Qc1 54. Nxf5 Kh7 55. Kg4 Qd1+ 56. Qf3 h5+ 57. Kf4 Qc1+ 58. Qe3 Qc4+ 59. Qe4 Qc1+
60. Qe3 Qc7+ 61. Qe5 Qc1+ 62. Ke4 Qc4+ 63. Nd4 Qf7 64. Ne6 Qb7+ 65. Kf4 Qb4+ 66.
Qd4 Qb7 67. Qxg7+ 1-0

[Event "47th Sparkassen Open"]
[Site "Dortmund GER"]
[Date "2019.07.19"]
[Round "7.29"]
[White "Wuebker, Paul-Luca"]
[Black "Ahlers, Knut"]
[Result "1-0"]
[WhiteElo "2009"]
[BlackElo "1854"]
[WhiteFideId "12939528"]
[BlackFideId "16203534"]
[EventDate "2019.07.13"]

1. d4 Nf6 2. c4 g6 3. f3 Bg7 4. e4 d6 5. Nc3 O-O 6. Be3 e5 7. d5 c6 8. Qd2 cxd5
9. cxd5 Nh5 10. g4 Nf4 11. Nge2 Nxe2 12. Bxe2 Na6 13. Bxa6 bxa6 14. O-O-O Bd7
15. h4 Qa5 16. h5 Rfc8 17. Kb1 Rab8 18. Ka1 Rb7 19. hxg6 fxg6 20. Qh2 Rxc3 21.
Qxh7+ Kf8 22. Bh6 Ke7 23. Qxg7+ Kd8 24. Bg5+ Kc7 25. Rh7 Kb8 26. Qf8+ Rc8 27.
Qxd6+ Ka8 28. Rc1 Rbc7 29. Rb1 Qa4 30. Qxe5 Rc2 31. Qg7 R8c7 32. Bf4 Rb7 33.
Rh8+ Bc8 34. Qf8 Qc4 35. Qxc8+ Qxc8 36. Rxc8+ Rxc8 37. Bg5 Rd7 38. Rd1 Re8 39.
Kb1 Kb7 40. Bf6 1-0

[Event "47th Sparkassen Open"]
[Site "Dortmund GER"]
[Date "2019.07.19"]
[Round "7.30"]
[White "Zweschper, Erich"]
[Black "Skabs, Denis"]
[Result "0-1"]
[WhiteElo "2031"]
[BlackElo "1745"]
[WhiteFideId "4643119"]
[BlackFideId "16248449"]
[EventDate "2019.07.13"]

1. d4 d5 2. Nf3 Nf6 3. e3 e6 4. Bd3 c5 5. c3 Nc6 6. Nbd2 Be7 7. Qe2 O-O 8. O-O
Qc7 9. e4 dxe4 10. Nxe4 cxd4 11. cxd4 Rd8 12. Be3 e5 13. Rac1 Qa5 14. Nxf6+ Bxf6
15. Rc5 Qxa2 16. Nxe5 Bxe5 17. dxe5 Be6 18. f4 Nd4 19. Bxd4 Rxd4 20. f5 Bd5 21.
e6 fxe6 22. f6 Rxd3 23. f7+ Kf8 24. Qxd3 Qxb2 25. Qg3 Qd4+ 26. Qf2 Qxf2+ 27.
Kxf2 a5 28. Ra1 a4 29. Ra3 Kxf7 30. Ke3 Bxg2 31. Rc4 Bc6 32. Rh4 h6 33. Kd4 Ra5
34. Kc4 Rf5 35. Kb4 Kf6 36. Rd3 Kg5 37. Rhh3 e5 38. Rdg3+ Kf6 39. Rd3 Rf4+ 40.
Kc5 e4 41. Rd6+ Kf7 42. Rg3 Rf3 43. Rg4 Rf6 44. Rd1 g5 45. Rg3 Kg6 46. h4 Rf3
47. Rd6+ Kh5 48. Rg1 Rf5+ 49. Kd4 g4 50. Ke3 Rf3+ 51. Ke2 g3 52. Rc1 Bb5+ 53.
Kd2 Rd3+ 0-1